00815nam a2200217 b 4500003000500000005001700005008004100022020002600063040002400089041001400113082001200127100003300139245006500172250001800237260003600255300002300291942003400314999001900348952012000367952011000487322820251120084129.0210817s9999 xx e 000 1 AFR d a0624033406 (softback) aMPLbengc3228erda aAfrikaans aAF MURR aMurray, Ena 986674eauthor 0aPlekkie in die son /cEna Murray + Cover design: Abdul Amien aFirst edition aKaapstadbAmetisc© 1987c1994 a173 Pages :c18 cm cBK2ddcy245zIzakina Blanche c193886d193885 00102ddc40708FaMIDDLbJERELcFICd2021-08-18oAF MURRp33228018083327r2021-08-18w2021-08-18yBKz94048400114 00102ddc40708FaVOLKLbVOLKLcFICd2026-04-16l0oAF MURRp33228001962206r2026-04-16w2026-04-16yBK